| 000 | 00661nam a22002531 4500 | ||
|---|---|---|---|
| 999 |
_c7898 _d7898 |
||
| 001 | 7898 | ||
| 003 | BD-JhCC | ||
| 005 | 20180215101509.0 | ||
| 008 | 710920s1967 enka 000 0 eng | ||
| 035 | _a(BD-JhCC)7898 | ||
| 040 |
_aDLC _cDLC _dDLC _dBD-JhCC |
||
| 041 | _aeng | ||
| 050 | 0 | 0 |
_aLC191 _b.K3 1967 |
| 082 | 0 | 0 |
_a370.1 _bKEL 1967 |
| 100 | 1 | _aKellaway, George P. | |
| 245 | 1 | 0 |
_aEducation for living, _cby George P. Kellaway. |
| 260 |
_aLondon, _bCambridge U.P., _c1967. |
||
| 300 |
_a[4], 151 p. _bdiagr. _c23 cm. |
||
| 350 | _a21/- | ||
| 650 | 0 | _aEducational sociology. | |
| 650 | 0 | _aEducational psychology. | |
| 942 |
_2ddc _cBK |
||